000 00450nam a2200181 a 4500
001 4514
003 CO-ViMGA
008 141112s2004 ck r 000 u spa d
040 _aCO-ViMGA
_bspa
_cCO-ViMGA
082 0 4 _a704.945 C475
100 1 _aCirlot, Juan Eduardo
245 1 0 _aEl espiritu abstracto
260 _aBarcelona :
_bLabor,
_c1993
300 _a164 p : il
490 _aLabor, 32
650 1 4 _aABSTRACCIONISMO
_955319
942 _2ddc
_cBK
999 _c16524
_d16524